| 000 | 00423nam a22001817a 4500 | ||
|---|---|---|---|
| 003 | OSt | ||
| 005 | 20250318151742.0 | ||
| 008 | 250318b |||||||| |||| 00| 0 eng d | ||
| 020 | _a9789393050403 | ||
| 082 |
_a8H3 PREM _bPREM |
||
| 100 | _aPremchand, Munshi | ||
| 245 | _aMein nastik kyun hun | ||
| 260 |
_aGurugram _bLexicon Books |
||
| 300 | _a104p. | ||
| 546 | _aHindi | ||
| 651 | _aHindi fiction | ||
| 942 |
_2ddc _cBK |
||
| 999 |
_c3735 _d3735 |
||